000 00299nam a22001337a 4500
008 170614b xxu||||| |||| 00| 0 eng d
020 _a9780881322156
041 _aeng
080 _23ED
_a32
100 _a19
101 _aSHP
245 _aAMERICAN TRADE POLITICS
_cDESDER.I.M
942 _2udc
_cBK
999 _c17408
_d17408